Eduskuntavaalien ääniharavat vaaleittain - Statistics

Yleistilastot
  • Tätä visaa on pelattu 102 kertaa
    70 viimeisimmän päivityksen jälkeen
  • Keskiarvotulos 10 / 18
Vastaustilastot
Vuosi Äänimäärä Ehdokas Puolue Vaalipiiri % Oikein
2019 30 596 Jussi Halla-aho Perussuomalaiset Helsingin
92%
2007 60 563 Sauli Niinistö Kokoomus Uudenmaan
87%
1999 30 450 Sauli Niinistö Kokoomus Helsingin
87%
1995 18 946 Sauli Niinistö Kokoomus Turun läänin eteläinen
87%
2023 42 594 Riikka Purra Perussuomalaiset Uudenmaan
84%
2015 30 758 Juha Sipilä Keskusta Oulun
79%
2011 43 437 Timo Soini Perussuomalaiset Uudenmaan
79%
2003 26 415 Paavo Lipponen SDP Helsingin
69%
1983 25 088 Pekka Vennamo SMP Turun läänin eteläinen
56%
1991 22 709 Paavo Väyrynen Keskusta Uudenmaan läänin
48%
1975 21 948 Kalevi Sorsa SDP Helsingin kaupungin
44%
1972 23 565 Raimo Ilaskivi Kokoomus Helsingin kaupungin
28%
1970 20 855 Raimo Ilaskivi Kokoomus Helsingin kaupungin
28%
1966 16 817 Raimo Ilaskivi Kokoomus Helsingin kaupungin
28%
1987 18 324 Pertti Salolainen Kokoomus Helsingin kaupungin
23%
1979 26 562 Pertti Salolainen Kokoomus Helsingin kaupungin
23%
1962 32 074 Hertta Kuusinen SKDL Helsingin kaupungin
18%
1958 31 453 Hertta Kuusinen SKDL Helsingin kaupungin
18%
Ehtoja vastaavia visoja ei löytynyt
Tulosjakauma
Jokaisen tuloksen saaneiden osuus
Persentiili vastausten määrän mukaan
Tuloshistoriasi
Et ole pelannut tätä visaa sen viimeisimmän päivityksen jälkeen